[Event "65th ch-RUS HL"]
[Site "?"]
[Date "2012.??.??"]
[Round "5"]
[White "Prizant, Ja"]
[Black "Sjugirov, S."]
[Result "1/2-1/2"]
[WhiteElo "2520"]
[BlackElo "2625"]
[PlyCount "71"]
[EventDate "2012.??.??"]
[SourceDate "1999.07.01"]

1. e4 c6 2. c4 d5 3. exd5 cxd5 4. cxd5 Nf6 5. Nc3 Nxd5 6. Nf3 Nc6 7. Bb5 g6 8.
Qa4 Nb6 9. Bxc6+ bxc6 10. Qxc6+ Bd7 11. Qe4 Bg7 12. d4 O-O 13. O-O Rc8 14. Rd1
Bf5 15. Qe2 Nd5 16. Bd2 Rb8 17. Nxd5 Qxd5 18. Bc3 Rb7 19. Ne1 Rd8 20. Nc2 Bxc2
21. Qxc2 Rbd7 22. Qa4 Qe4 23. Re1 Qf4 24. Rad1 Bxd4 25. Bxd4 Rxd4 26. Rxd4 Qxd4
27. Qxd4 Rxd4 28. Kf1 Kf8 29. Ke2 Ke8 30. Rd1 Rc4 31. Kd3 Rc6 32. Re1 Rd6+ 33.
Kc3 Rc6+ 34. Kd3 Rd6+ 35. Kc3 Rc6+ 36. Kd3 1/2-1/2

[Event "TCh-HUN 2012-13"]
[Site "Szombathely HUN"]
[Date "2013.01.27"]
[Round "6"]
[White "Nevednichy, V."]
[Black "Ruck, R1."]
[Result "1/2-1/2"]
[WhiteElo "2554"]
[BlackElo "2567"]
[PlyCount "130"]
[EventDate "2012.09.16"]
[SourceDate "1999.07.01"]
[WhiteTeam "ASE Paks"]
[BlackTeam "HVSE"]

1. e4 c6 2. c4 d5 3. cxd5 cxd5 4. exd5 Nf6 5. Nc3 Nxd5 6. Nf3 Nxc3 7. bxc3 g6
8. Bb5+ Bd7 9. a4 Bg7 10. O-O O-O 11. Re1 Nc6 12. d4 a6 13. Bf1 Bg4 14. h3 Bxf3
15. Qxf3 e6 16. Rb1 Qd7 17. h4 Rac8 18. h5 Rfe8 19. hxg6 hxg6 20. Qh3 Ne7 21.
Qf3 Nc6 22. Rd1 Na5 23. Ba3 Qxa4 24. Bb4 Nc6 25. Ra1 Qb3 26. Rdb1 Qd5 27. Qxd5
exd5 28. Bc5 Rc7 29. g3 Bf8 30. Bb6 Rd7 31. Bh3 f5 32. g4 Ne7 33. Ra5 Rc8 34.
Rb3 Nc6 35. Ra1 Ne7 36. Kf1 fxg4 37. Bxg4 Nf5 38. Ke2 Re8+ 39. Kd3 Re4 40. Rg1
Kf7 41. Rbb1 Be7 42. Rbe1 Rxe1 43. Rxe1 Bd8 44. Rb1 Bh4 45. Rb2 Be7 46. Bd1 Ba3
47. Ra2 Bf8 48. Ba4 Rd6 49. Rb2 Re6 50. Bb3 Ne7 51. Ba2 Rf6 52. Ke2 Ke8 53. Bc7
b5 54. Be5 Rb6 55. Kd3 b4 56. Bh2 a5 57. cxb4 axb4 58. Bf4 Kd7 59. Bd2 Nc6 60.
Bxd5 Nxd4 61. Kxd4 Bg7+ 62. Kc5 Bxb2 63. Kxb6 Bd4+ 64. Kb5 Bxf2 65. Kxb4 Bd4
1/2-1/2

[Event "62nd ch-HUN 2012"]
[Site "Heviz HUN"]
[Date "2012.11.28"]
[Round "7.3"]
[White "Szabo, Krisz1"]
[Black "Horvath, Jo1"]
[Result "1/2-1/2"]
[WhiteElo "2541"]
[BlackElo "2539"]
[PlyCount "60"]
[EventDate "2012.11.22"]
[SourceDate "1999.07.01"]

1. e4 c6 2. c4 d5 3. exd5 cxd5 4. cxd5 Nf6 5. Nc3 Nxd5 6. Nf3 Nc6 7. Bb5 g6 8.
Qa4 Nb6 9. Bxc6+ bxc6 10. Qxc6+ Bd7 11. Qe4 Bg7 12. d4 Rc8 13. O-O Bc6 14. Qe2
Bxf3 15. Qxf3 Qxd4 16. Be3 Qb4 17. Bxb6 Bxc3 18. Bxa7 Bxb2 19. Rab1 O-O 20. Qe2
Qa3 21. Rxb2 Qxa7 22. g3 Rc3 23. Rfb1 Rfc8 24. Qd2 Kg7 25. Rb7 Qc5 26. R7b5 Qc4
27. R5b4 Qc5 28. Rb5 Qc4 29. R5b4 Qc5 30. Rb5 Qc4 1/2-1/2

[Event "Vladivostok Russian Cup 2012"]
[Site "Vladivostok RUS"]
[Date "2012.09.24"]
[Round "8.1"]
[White "Kokarev, Dm"]
[Black "Bocharov, D."]
[Result "1/2-1/2"]
[WhiteElo "2604"]
[BlackElo "2603"]
[PlyCount "40"]
[EventDate "2012.09.17"]
[SourceDate "1999.07.01"]

1. e4 c6 2. c4 d5 3. exd5 Nf6 4. d4 cxd5 5. Nc3 Nc6 6. Nf3 Bg4 7. cxd5 Nxd5 8.
Qb3 Bxf3 9. gxf3 e6 10. Qxb7 Nxd4 11. Bb5+ Nxb5 12. Qc6+ Ke7 13. Qxb5 Qd7 14.
Nxd5+ Qxd5 15. Qxd5 exd5 16. O-O Ke6 17. Re1+ Kf5 18. Rd1 Ke6 19. Re1+ Kf5 20.
Rd1 Ke6 1/2-1/2

[Event "5th Paleochora Open"]
[Site "Paleochora GRE"]
[Date "2012.07.21"]
[Round "7.1"]
[White "Swiercz, D."]
[Black "Kharitonov, Alexandr"]
[Result "1/2-1/2"]
[WhiteElo "2595"]
[BlackElo "2538"]
[PlyCount "54"]
[EventDate "2012.07.16"]
[SourceDate "1999.07.01"]

1. e4 c6 2. c4 d5 3. exd5 cxd5 4. cxd5 Nf6 5. Nc3 Nxd5 6. Nf3 Nc6 7. Bb5 g6 8.
Qb3 e6 9. Ne5 Nde7 10. Qa4 Bg7 11. Nxc6 bxc6 12. Bxc6+ Nxc6 13. Qxc6+ Bd7 14.
Qd6 Rc8 15. O-O Bc6 16. Qg3 O-O 17. d3 Qb6 18. Ne4 Bxe4 19. dxe4 Rc2 20. e5 Re2
21. a4 Rxe5 22. Be3 Qb7 23. Bd4 Re4 24. Bxg7 Kxg7 25. Qc3+ Kg8 26. Rfd1 Rb4 27.
Rd2 a5 1/2-1/2

[Event "34th Oberwart Open A"]
[Site "Oberwart AUT"]
[Date "2012.07.13"]
[Round "7.4"]
[White "Stanec, N."]
[Black "Zelcic, R."]
[Result "1/2-1/2"]
[WhiteElo "2527"]
[BlackElo "2554"]
[PlyCount "23"]
[EventDate "2012.07.07"]
[SourceDate "1999.07.01"]

1. e4 c6 2. c4 d5 3. exd5 cxd5 4. cxd5 Nf6 5. Nc3 Nxd5 6. Nf3 Nc6 7. Bb5 e6 8.
O-O Be7 9. d4 O-O 10. Re1 Bd7 11. Bd3 Nxc3 12. bxc3 1/2-1/2

[Event "XXI Adolf Anderssen Mem KO"]
[Site "Wroclaw POL"]
[Date "2012.07.01"]
[Round "2.1"]
[White "Jaracz, P."]
[Black "Arutinian, D."]
[Result "1/2-1/2"]
[WhiteElo "2530"]
[BlackElo "2556"]
[PlyCount "83"]
[EventDate "2012.07.01"]
[SourceDate "1999.07.01"]

1. e4 c6 2. c4 d5 3. exd5 cxd5 4. cxd5 Nf6 5. Nc3 Nxd5 6. Nf3 Nxc3 7. bxc3 g6
8. Bb5+ Nd7 9. O-O Bg7 10. Re1 O-O 11. Ba3 Re8 12. Ng5 a6 13. Bc4 e6 14. Ne4
Ne5 15. Bb3 Nc6 16. d4 Na5 17. Qf3 Nxb3 18. axb3 Qc7 19. d5 Bd7 20. Nf6+ Bxf6
21. Qxf6 exd5 22. Qd4 Qc6 23. Be7 Rac8 24. Bf6 Rxe1+ 25. Rxe1 Re8 26. Rxe8+
Bxe8 27. Bh8 Kf8 28. Qb4+ Kg8 29. Qd4 Kf8 30. Qh4 Qe6 31. h3 h5 32. Bd4 Kg8 33.
Qf4 Kh7 34. f3 Qe1+ 35. Kh2 Qe7 36. g4 hxg4 37. hxg4 Qe2+ 38. Kh3 Qf1+ 39. Kh4
Qh1+ 40. Kg3 Qe1+ 41. Kh2 Qe2+ 42. Kh3 1/2-1/2